Marketing Techniques for Analysis and Control (Record no. 2591)

MARC details
005 - DATE AND TIME OF LATEST TRANSACTION
control field 20250523160549.0
020 ## - INTERNATIONAL STANDARD BOOK NUMBER
International Standard Book Number 0 7121 1394 0
082 ## - DEWEY DECIMAL CLASSIFICATION NUMBER
Classification number 658. 8 ALL
100 ## - MAIN ENTRY--PERSONAL NAME
Author name ALLEN, P.
245 ## - TITLE STATEMENT
Title Marketing Techniques for Analysis and Control
260 ## - PUBLICATION, DISTRIBUTION, ETC.
Place of publication, distribution, etc. Plymouth,
Name of publisher, distributor, etc. MacDonald,
Date of publication, distribution, etc. 1977.
300 ## - PHYSICAL DESCRIPTION
Extent x, 214p.: ill.; figure, table.
Other physical details Index.
Dimensions 21cm.
942 ## - ADDED ENTRY ELEMENTS (KOHA)
Source of classification or shelving scheme Dewey Decimal Classification
Koha item type Books
Holdings
Date last seen Total checkouts Full call number Barcode Cost, replacement price Price effective from Koha item type Lost status Source of classification or shelving scheme Damaged status Not for loan Withdrawn status Home library Current library Shelving location Date acquired Cost, normal purchase price
05/23/2025   658. 8 ALL 0000009735 30000.00 05/23/2025 Books   Dewey Decimal Classification       College of Business Education Main Library College of Business Education Main Library General Collection 03/25/1981 10000.00
05/23/2025   658. 8 ALL 0000009736 30000.00 05/23/2025 Books   Dewey Decimal Classification       College of Business Education Main Library College of Business Education Main Library General Collection 03/25/1981 10000.00
05/23/2025   658. 8 ALL 0000009737 30000.00 05/23/2025 Books   Dewey Decimal Classification       College of Business Education Main Library College of Business Education Main Library General Collection 03/25/1981 10000.00
05/23/2025   658. 8 ALL 0000009738 30000.00 05/23/2025 Books   Dewey Decimal Classification       College of Business Education Main Library College of Business Education Main Library General Collection 03/25/1981 10000.00
05/23/2025   658. 8 ALL 0000009739 30000.00 05/23/2025 Books   Dewey Decimal Classification       College of Business Education Main Library College of Business Education Main Library General Collection 03/25/1981 10000.00